[Event "32nd WCh U20 Girls"]
[Site "Pune IND"]
[Date "2014.10.15"]
[Round "9.20"]
[White "Bengtsson, Jessica"]
[Black "Ivekovic, Tihana"]
[Result "1/2-1/2"]
[WhiteElo "1943"]
[BlackElo "2122"]
[EventDate "2014.10.06"]
[PlyCount "63"]

1.e4 c5 2.c3 d5 3.exd5 Qxd5 4.d4 Nf6 5.Nf3 Bg4 6.Be2 e6 7.h3 Bh5 8.O-O Nc6
9.Be3 cxd4 10.cxd4 Be7 11.Nc3 Qd6 12.Qb3 O-O 13.Rfd1 Rfd8 14.a3 Rac8 15.
Rac1 Qb8 16.d5 exd5 17.Nxd5 Nxd5 18.Rxd5 Rxd5 19.Qxd5 Bg6 20.Ne5 Nxe5 21.
Rxc8+ Qxc8 22.Qxe5 Bf6 23.Bg4 Bxe5 24.Bxc8 Bxb2 25.Bxb7 Bxa3 26.Bxa7 Kf8 
27.g3 Ke7 28.Bd4 f6 29.Kg2 Bd6 30.Bd5 Be8 31.Kf3 Bd7 32.Ke4 1/2-1/2

[Event "32nd WCh U20 Girls"]
[Site "Pune IND"]
[Date "2014.10.15"]
[Round "9.21"]
[White "Tarini, Goyal"]
[Black "Vaishali, Ramesh Babu"]
[Result "0-1"]
[WhiteElo "1868"]
[BlackElo "2124"]
[EventDate "2014.10.06"]
[PlyCount "110"]

1.d4 Nf6 2.c4 e5 3.dxe5 Ng4 4.Bf4 Nc6 5.Nf3 Bb4+ 6.Nbd2 Qe7 7.e3 Ngxe5 8.
Nxe5 Nxe5 9.Be2 O-O 10.O-O a5 11.Nb1 d6 12.a3 Bc5 13.Nc3 Be6 14.b3 f5 15.
Nd5 Qf7 16.Bh5 g6 17.Be2 Qg7 18.Qd2 c6 19.Nc3 g5 20.Bxe5 dxe5 21.Na4 Be7 
22.Qc2 e4 23.c5 Qf7 24.Bc4 Bxc4 25.Qxc4 Qxc4 26.bxc4 Rad8 27.Rab1 Rd7 28.
Rb3 Bf6 29.Rfb1 Rfd8 30.g3 Rd1+ 31.Rxd1 Rxd1+ 32.Kg2 Rd7 33.Nb6 Rc7 34.Rb1
Be7 35.Na4 Rd7 36.Rb3 Bf8 37.Kf1 Rd1+ 38.Kg2 Rd7 39.Kf1 Rd1+ 40.Kg2 Rc1 
41.Rxb7 Rc2 42.Rc7 f4 43.gxf4 gxf4 44.exf4 e3 45.Rxc6 Kf7 46.Kf1 Rxf2+ 47.
Ke1 Rxh2 48.Nc3 Be7 49.Rc7 Ke8 50.Rb7 Bxc5 51.a4 Bb4 52.Rxb4 axb4 53.Nd5 
b3 54.c5 b2 55.Nc3 Rc2 0-1

[Event "32nd WCh U20 Girls"]
[Site "Pune IND"]
[Date "2014.10.15"]
[Round "9.22"]
[White "Saranya, J."]
[Black "Potluri, Supreetha"]
[Result "0-1"]
[WhiteElo "2107"]
[BlackElo "1738"]
[EventDate "2014.10.06"]
[PlyCount "112"]

1.e4 c5 2.Nf3 e6 3.d4 cxd4 4.Nxd4 Nc6 5.c4 Nf6 6.Nc3 Bb4 7.Nxc6 bxc6 8.Bd3
e5 9.O-O O-O 10.Kh1 d6 11.Bg5 h6 12.Bxf6 Qxf6 13.Ne2 a5 14.Rb1 Bc5 15.a3 
Bd4 16.Nxd4 exd4 17.f4 c5 18.Bc2 Qe7 19.Re1 Qh4 20.Rf1 Bg4 21.Qd3 f5 22.
Rbe1 Rae8 23.e5 dxe5 24.fxe5 Bh5 25.g3 Qh3 26.Rf4 Bg4 27.Kg1 Qh5 28.b4 
axb4 29.axb4 g5 30.Rxg4 Qxg4 31.Bd1 Qh3 32.e6 Rf6 33.Bf3 f4 34.Bg2 Qf5 35.
Qxf5 Rxf5 36.Bd5 cxb4 37.g4 Rf6 38.c5 Kf8 39.Kf2 Ke7 40.Rd1 Rc8 41.c6 Rxe6
42.Bxe6 Kxe6 43.Rxd4 Rxc6 44.Rxb4 Rc2+ 45.Kg1 Ke5 46.Ra4 Rd2 47.Rb4 Rd4 
48.Rb6 Rd6 49.Rb4 Rd2 50.Ra4 f3 51.Ra6 Rg2+ 52.Kf1 Rxh2 53.Ra4 Rd2 54.Rb4 
Rd4 55.Rb6 Kf4 56.Rxh6 Kg3 0-1

[Event "32nd WCh U20 Girls"]
[Site "Pune IND"]
[Date "2014.10.15"]
[Round "9.23"]
[White "Imeeva, Aysa"]
[Black "Aakanksha, Hagawane"]
[Result "1-0"]
[WhiteElo "2077"]
[BlackElo "1918"]
[EventDate "2014.10.06"]
[PlyCount "77"]

1.e4 e5 2.Nf3 Nc6 3.Nc3 Nf6 4.Bb5 Bb4 5.O-O O-O 6.d3 d6 7.Bg5 Bxc3 8.bxc3 
Qe7 9.Re1 Nd8 10.d4 Ne6 11.Bc1 c6 12.Bf1 Rd8 13.g3 Nf8 14.Ba3 Qc7 15.Bg2 
Ng6 16.Qd3 h6 17.Bb2 Be6 18.a4 Rac8 19.Nd2 Qd7 20.Qf1 Nh7 21.f4 exf4 22.
gxf4 f5 23.d5 cxd5 24.exd5 Bf7 25.c4 Ngf8 26.Qd3 Bg6 27.Bh3 Qf7 28.Nf3 Nd7
29.Nh4 Nc5 30.Qg3 Nf8 31.Bxf5 Bxf5 32.Nxf5 Ng6 33.Re7 Qxf5 34.Rxg7+ Kf8 
35.Rxg6 Ne4 36.Rg8+ Ke7 37.Qg7+ Qf7 38.Bf6+ Nxf6 39.Re1+ 1-0

[Event "32nd WCh U20 Girls"]
[Site "Pune IND"]
[Date "2014.10.15"]
[Round "9.24"]
[White "Chitlange, Sakshi"]
[Black "Mahalakshmi, Muganda Kumar"]
[Result "0-1"]
[WhiteElo "1827"]
[BlackElo "1997"]
[EventDate "2014.10.06"]
[PlyCount "112"]

1.d4 Nf6 2.c4 e6 3.Nf3 Bb4+ 4.Nbd2 O-O 5.a3 Bxd2+ 6.Bxd2 b6 7.e3 Bb7 8.Bd3
d5 9.O-O Nbd7 10.b4 dxc4 11.Bxc4 Ne4 12.Qe2 Ndf6 13.Rfd1 Nxd2 14.Nxd2 Ne4 
15.Rac1 a5 16.b5 Qe7 17.Nxe4 Bxe4 18.Rc3 Rad8 19.Bd3 Ba8 20.a4 g6 21.Qc2 
e5 22.Rxc7 Qh4 23.dxe5 Qg4 24.f4 Bxg2 25.h3 Bxh3+ 26.Kh1 Qf3+ 27.Kh2 Bg4 
28.Re1 Rxd3 29.Qg2 Rfd8 30.Qxf3 Bxf3 31.Kg3 Be4 32.Kg4 Kg7 33.Rc4 Bd5 34.
Rc7 Be4 35.Rc4 Bd5 36.Rc7 Bb3 37.Rb7 Bxa4 38.e6 Bxb5 39.Rxf7+ Kg8 40.Rh1 
h5+ 41.Kg5 Rxe3 42.Re7 Re8 43.Rxe8+ Bxe8 44.Kf6 Rf3 45.Ke7 Ba4 46.Rg1 Kg7 
47.Kd8 Rxf4 48.Re1 Kf6 49.e7 h4 50.Ra1 Rd4+ 51.Kc7 Kxe7 52.Kxb6 h3 53.Kxa5
h2 54.Rh1 Rh4 55.Kb6 Bc2 56.Kc5 Be4 0-1

[Event "32nd WCh U20 Girls"]
[Site "Pune IND"]
[Date "2014.10.15"]
[Round "9.25"]
[White "Hilmi, Parveen"]
[Black "San Diego, Marie Antoinette"]
[Result "0-1"]
[WhiteElo "1757"]
[BlackElo "2033"]
[EventDate "2014.10.06"]
[PlyCount "54"]

1.e4 c5 2.Nf3 d6 3.d4 cxd4 4.Nxd4 Nf6 5.Nc3 a6 6.Be3 e5 7.Nb3 Be7 8.f3 Be6
9.Qd2 O-O 10.O-O-O Nbd7 11.g4 b5 12.h4 Nb6 13.h5 b4 14.Nb1 a5 15.Bxb6 Qxb6
16.g5 a4 17.gxf6 axb3 18.axb3 Bxf6 19.h6 g6 20.Bc4 Bxc4 21.bxc4 Ra1 22.
Rhg1 Rfa8 23.c3 b3 24.Qd3 R8a2 25.Qxd6 Qe3+ 26.Qd2 Rxb1+ 27.Kxb1 Ra1+ 0-1

[Event "32nd WCh U20 Girls"]
[Site "Pune IND"]
[Date "2014.10.15"]
[Round "9.26"]
[White "Caballero Quijano, Mitzy Mishell"]
[Black "Tejaswini, Sagar"]
[Result "1/2-1/2"]
[WhiteElo "1961"]
[BlackElo "1876"]
[EventDate "2014.10.06"]
[PlyCount "153"]

1.d4 Nf6 2.Nf3 g6 3.Bg5 Bg7 4.Nbd2 d5 5.c3 O-O 6.e3 b6 7.Be2 Ba6 8.O-O c5 
9.Ne5 Bxe2 10.Qxe2 Nfd7 11.Nxd7 Qxd7 12.Rad1 c4 13.e4 e6 14.e5 Nc6 15.Nf3 
b5 16.h4 a5 17.Nh2 h6 18.Bc1 Qd8 19.Qg4 Ne7 20.h5 Kh7 21.hxg6+ Nxg6 22.g3 
Ne7 23.Kg2 f5 24.Qh3 Qe8 25.Nf3 Qg6 26.Bf4 Rh8 27.Qh4 Nc6 28.Rh1 Kg8 29.
Bc1 b4 30.Qf4 a4 31.Qd2 Rb8 32.Qc2 b3 33.Qb1 Ne7 34.a3 Rf8 35.Rh2 Kf7 36.
Rdh1 Ke8 37.Bd2 f4 38.Bxf4 Qxb1 39.Rxb1 Ng6 40.Be3 Ne7 41.Rbh1 Ng8 42.g4 
Rf7 43.Nh4 Ne7 44.Kg3 Bf8 45.Ng2 Rg8 46.Bf4 Kd7 47.f3 Rg6 48.Kf2 Ng8 49.
Ke2 Kc6 50.Bc1 Kd7 51.Nf4 Rgg7 52.Nh5 Rg6 53.Rg1 Be7 54.f4 Rf8 55.Rf2 Bh4 
56.Rf3 Bd8 57.Be3 Be7 58.Rff1 Bh4 59.f5 exf5 60.gxf5 Rxg1 61.Rxg1 Rxf5 62.
Rg7+ Ne7 63.Nf4 Kc6 64.Ne6 h5 65.Bf4 Kd7 66.Nc5+ Kc6 67.Kf3 Kb5 68.Nb7 Rf8
69.Nd6+ Kc6 70.Ke3 Kb6 71.Rg2 Be1 72.Re2 Bh4 73.Rg2 Rg8 74.Rxg8 Nxg8 75.
Ke2 Ne7 76.Nf7 Nf5 77.Bc1 1/2-1/2

[Event "32nd WCh U20 Girls"]
[Site "Pune IND"]
[Date "2014.10.15"]
[Round "9.27"]
[White "Ananya, Suresh"]
[Black "Barbosa, Larissa Ichimura"]
[Result "0-1"]
[WhiteElo "1853"]
[BlackElo "1975"]
[EventDate "2014.10.06"]
[PlyCount "68"]

1.e4 e6 2.d4 d5 3.Nc3 Nf6 4.Bg5 Be7 5.e5 Nfd7 6.Bxe7 Qxe7 7.f4 a6 8.Nf3 c5
9.dxc5 Nxc5 10.a3 b5 11.Bd3 Nc6 12.b4 Nd7 13.O-O Bb7 14.Ne2 Nb6 15.Ned4 
Nc4 16.Bxc4 dxc4 17.Nxc6 Bxc6 18.Nd4 Bd5 19.c3 O-O 20.Rf2 Qb7 21.a4 a5 22.
Nxb5 axb4 23.cxb4 Bc6 24.Nd4 Rfd8 25.b5 Qa7 26.bxc6 Rxd4 27.Qc1 Qc5 28.Qa3
Rd1+ 29.Rxd1 Qxa3 30.Rfd2 Kf8 31.Kf1 Qc5 32.Rd6 c3 33.a5 Qxa5 34.Rd7 Qb5+ 
0-1

[Event "32nd WCh U20 Girls"]
[Site "Pune IND"]
[Date "2014.10.15"]
[Round "9.28"]
[White "Varga, Klara"]
[Black "Supriya, Joshi"]
[Result "1-0"]
[WhiteElo "2232"]
[BlackElo "1857"]
[EventDate "2014.10.06"]
[PlyCount "49"]

1.c4 Nf6 2.g3 e6 3.Bg2 d5 4.Nf3 Be7 5.O-O O-O 6.b3 c5 7.Bb2 Nc6 8.e3 b6 9.
cxd5 exd5 10.d4 Bf5 11.Nc3 Rc8 12.Ne5 Ne4 13.Nxc6 Rxc6 14.dxc5 Rxc5 15.Ne2
Qd7 16.Ba3 Ra5 17.Bxe7 Qxe7 18.Qd4 Rc8 19.Nf4 Qc5 20.b4 Qxd4 21.exd4 Rb5 
22.a4 Rxb4 23.Nxd5 Rxd4 24.Ne7+ Kf8 25.Nxf5 1-0

[Event "32nd WCh U20 Girls"]
[Site "Pune IND"]
[Date "2014.10.15"]
[Round "9.29"]
[White "Turkova, Karolina"]
[Black "Anjana Krishna, S."]
[Result "1/2-1/2"]
[WhiteElo "2033"]
[BlackElo "1889"]
[EventDate "2014.10.06"]
[PlyCount "67"]

1.e4 e5 2.Nf3 Nc6 3.Bb5 a6 4.Ba4 Nf6 5.O-O Be7 6.Re1 b5 7.Bb3 d6 8.c3 O-O 
9.h3 Nb8 10.a4 Bb7 11.d3 Nbd7 12.Nbd2 c5 13.Bc2 Re8 14.Nf1 Bf8 15.Bg5 h6 
16.Bh4 Qc7 17.Ne3 g6 18.Bb3 Bg7 19.Nd2 Bc6 20.Ng4 Nxg4 21.Qxg4 Nf8 22.Nf1 
Bd7 23.Qf3 Be6 24.Bxe6 fxe6 25.Ne3 Nd7 26.Qd1 Qc6 27.axb5 axb5 28.Qb3 Kf7 
29.Rf1 Nf8 30.f4 Rxa1 31.Rxa1 exf4 32.Ra7+ Kg8 33.Ng4 g5 34.Bf2 1/2-1/2

[Event "32nd WCh U20 Girls"]
[Site "Pune IND"]
[Date "2014.10.15"]
[Round "9.30"]
[White "Djogteva, Jekaterina"]
[Black "Hinduja, Reddy"]
[Result "0-1"]
[WhiteElo "1754"]
[BlackElo "1934"]
[EventDate "2014.10.06"]
[PlyCount "70"]

1.e4 c5 2.Nf3 d6 3.Bb5+ Bd7 4.Bxd7+ Qxd7 5.c4 Nf6 6.Nc3 g6 7.O-O Nc6 8.b3 
Bg7 9.Rb1 O-O 10.Bb2 Ne8 11.Nd5 e5 12.d3 f5 13.Nd2 f4 14.f3 g5 15.Qe1 h5 
16.a3 Nc7 17.Bc3 Ne6 18.b4 Ncd4 19.Bxd4 cxd4 20.Qf2 Qd8 21.Nb3 g4 22.Na5 
Rf7 23.Rfc1 Bh6 24.Qd2 Rg7 25.fxg4 hxg4 26.c5 Qh4 27.Rc2 g3 28.h3 f3 29.
Qd1 f2+ 30.Kf1 Rf8 31.cxd6 Qxh3 32.Ne7+ Kh7 33.gxh3 g2+ 34.Ke2 Nf4+ 35.
Kxf2 Nxh3+ 0-1

[Event "32nd WCh U20 Girls"]
[Site "Pune IND"]
[Date "2014.10.15"]
[Round "9.31"]
[White "Sunyasakta, Satpathy"]
[Black "Vantika, Agrawal"]
[Result "1-0"]
[WhiteElo "1926"]
[BlackElo "1842"]
[EventDate "2014.10.06"]
[PlyCount "77"]

1.e4 c5 2.Nc3 Nc6 3.f4 g6 4.Nf3 Bg7 5.Bb5 Nd4 6.Bd3 d6 7.Nxd4 cxd4 8.Ne2 
Nf6 9.O-O O-O 10.Qe1 Qb6 11.Kh1 Nd7 12.Bc4 Nc5 13.d3 Qc7 14.f5 a6 15.Nf4 
b5 16.Bd5 Bb7 17.b4 Na4 18.fxg6 hxg6 19.Ne6 Qxc2 20.Nxg7 Bxd5 21.Nf5 Be6 
22.Nxe7+ Kg7 23.Bh6+ Kxh6 24.Qh4+ Kg7 25.Qf6+ Kh7 26.Rf4 Qe2 27.Rh4+ Qh5 
28.Rxh5+ gxh5 29.Nf5 Bxf5 30.Qxf5+ Kh6 31.Qf6+ Kh7 32.Rf1 Rae8 33.Qf5+ Kh6
34.Rf3 Re5 35.Qf6+ Kh7 36.Rg3 Rg8 37.Qxf7+ Kh6 38.Rxg8 Rg5 39.Rh8# 1-0

[Event "32nd WCh U20 Girls"]
[Site "Pune IND"]
[Date "2014.10.15"]
[Round "9.32"]
[White "Divya Lakshmi, R."]
[Black "Bidhar, Rutumbara"]
[Result "1-0"]
[WhiteElo "1905"]
[BlackElo "1780"]
[EventDate "2014.10.06"]
[PlyCount "79"]

1.e4 c5 2.Nf3 d6 3.d4 cxd4 4.Nxd4 Nf6 5.Nc3 e6 6.Be3 Be7 7.f3 Nc6 8.Qd2 a6
9.O-O-O Qc7 10.g4 b5 11.h4 Bb7 12.h5 Rc8 13.Bd3 Nd7 14.g5 Nde5 15.Nce2 
Nxd3+ 16.Qxd3 Ne5 17.Qb3 Nxf3 18.g6 Nxd4 19.gxf7+ Kxf7 20.Rhf1+ Bf6 21.
Nxd4 Qc4 22.Qxc4 Rxc4 23.e5 dxe5 24.Nxb5 Ke7 25.Nd6 Rc7 26.b4 Bd5 27.Bc5 
Bxa2 28.h6 Rxc5 29.bxc5 gxh6 30.c4 Rb8 31.c6 Bg5+ 32.Kc2 Bb3+ 33.Kc3 Bxd1 
34.Rxd1 Kd8 35.Nb5+ Kc8 36.Na7+ Kc7 37.Rd7+ Kb6 38.c7 Rf8 39.Kc2 Rb8 40.
Kc3 1-0

[Event "32nd WCh U20 Girls"]
[Site "Pune IND"]
[Date "2014.10.15"]
[Round "9.33"]
[White "Krumova, Ani"]
[Black "Mahasweta, Kumar"]
[Result "1-0"]
[WhiteElo "1998"]
[BlackElo "1847"]
[EventDate "2014.10.06"]
[PlyCount "67"]

1.e4 d5 2.exd5 Qxd5 3.Nc3 Qa5 4.d4 Nf6 5.Nf3 Bf5 6.Ne5 Nbd7 7.Nc4 Qa6 8.
Bf4 Qe6+ 9.Ne3 Bg4 10.f3 Bh5 11.Bc4 Qc6 12.Nb5 e5 13.dxe5 a6 14.Nd4 Qb6 
15.exf6 Nxf6 16.Nb3 Qb4+ 17.c3 Qb6 18.Nd5 Qe6+ 19.Kf2 O-O-O 20.Ne3 Qb6 21.
Qe2 Bc5 22.Nxc5 Qxc5 23.b4 Qb6 24.g4 Bg6 25.Rad1 Rde8 26.Rd4 Qc6 27.Rhd1 
b5 28.a4 Qb6 29.axb5 axb5 30.Bxb5 Re7 31.c4 Qe6 32.c5 h5 33.Ba6+ Kb8 34.
Qb5+ 1-0

[Event "32nd WCh U20 Girls"]
[Site "Pune IND"]
[Date "2014.10.15"]
[Round "9.34"]
[White "Bala Kannamma, P."]
[Black "Afraoui, Solenn"]
[Result "1/2-1/2"]
[WhiteElo "2023"]
[BlackElo "1989"]
[EventDate "2014.10.06"]
[PlyCount "66"]

1.e4 c5 2.Nf3 d6 3.d4 cxd4 4.Nxd4 Nf6 5.Nc3 g6 6.Be3 Bg7 7.f3 O-O 8.Bc4 
Nc6 9.Qd2 Bd7 10.O-O-O Rb8 11.Kb1 b5 12.Nxc6 Bxc6 13.Bd5 Bd7 14.Bxa7 b4 
15.Ne2 Nxd5 16.exd5 Ra8 17.Bd4 Qa5 18.Nc1 Qxd5 19.Bxg7 Qxd2 20.Rxd2 Kxg7 
21.Rd4 Rfb8 22.Nd3 Bf5 23.Rxb4 Bxd3 24.Rxb8 Bxc2+ 25.Kxc2 Rxb8 26.a4 Kf8 
27.b3 Ke8 28.Kb2 Kd7 29.Rc1 e5 30.Ka3 f5 31.b4 Rc8 32.Rxc8 Kxc8 33.Kb3 d5 
1/2-1/2

[Event "32nd WCh U20 Girls"]
[Site "Pune IND"]
[Date "2014.10.15"]
[Round "9.35"]
[White "Bakshi, Rutuja"]
[Black "Terzidaki, Alexandra"]
[Result "1-0"]
[WhiteElo "1959"]
[BlackElo "1902"]
[EventDate "2014.10.06"]
[PlyCount "61"]

1.d4 Nf6 2.Nf3 e6 3.e3 b6 4.Bd3 Bb7 5.Nbd2 c5 6.c3 Be7 7.O-O cxd4 8.exd4 
Nc6 9.Qe2 O-O 10.Re1 Rc8 11.Ne5 d6 12.Nxc6 Rxc6 13.Nf3 Qc8 14.Ng5 Rc7 15.
Bd2 a6 16.Nh3 Re8 17.Qe3 Ng4 18.Qg3 f5 19.Bc2 e5 20.Bb3+ Kh8 21.f3 Nf6 22.
Ng5 Bd5 23.Bxd5 Nxd5 24.dxe5 dxe5 25.Rxe5 Bc5+ 26.Kh1 Rxe5 27.Qxe5 Ne3 28.
Bxe3 Re7 29.Qd5 Rxe3 30.Nf7+ Kg8 31.Nd6+ 1-0

[Event "32nd WCh U20 Girls"]
[Site "Pune IND"]
[Date "2014.10.15"]
[Round "9.36"]
[White "Munoz, Claudia"]
[Black "Cuvelier, Annelies"]
[Result "1-0"]
[WhiteElo "1906"]
[BlackElo "1619"]
[EventDate "2014.10.06"]
[PlyCount "121"]

1.d4 d5 2.c4 e6 3.Nc3 Nf6 4.Nf3 c6 5.cxd5 exd5 6.Bf4 Bf5 7.e3 Bd6 8.Bxd6 
Qxd6 9.Bd3 Bxd3 10.Qxd3 Nbd7 11.O-O O-O 12.Rab1 a5 13.Rfc1 Rfe8 14.a3 Ne4 
15.Nd2 f5 16.f3 Nxd2 17.Qxd2 Qh6 18.Re1 Nb6 19.Qd3 Re6 20.Re2 Rae8 21.Rbe1
Nc4 22.e4 fxe4 23.fxe4 Qg5 24.Rf1 Nb6 25.e5 Nd7 26.Ref2 Nf8 27.Rf7 Rg6 28.
Qf3 Ne6 29.Ne2 b5 30.Qf2 a4 31.Nf4 Nxf4 32.Rxf4 h6 33.Qc2 h5 34.h4 Qg3 35.
R1f3 Qe1+ 36.Kh2 Rg4 37.Rxg4 hxg4 38.Rg3 Rf8 39.Qc3 Rf1 40.Qxe1 Rxe1 41.
Rd3 Re2 42.b4 axb3 43.Rxb3 Rd2 44.Rb4 Rd3 45.a4 bxa4 46.Rxa4 Kf7 47.Ra7+ 
Ke6 48.Rxg7 Rxd4 49.h5 Kxe5 50.h6 Kf6 51.Rc7 Re4 52.Rxc6+ Kg5 53.h7 Re8 
54.Rd6 Rh8 55.Rxd5+ Kf4 56.Rh5 g3+ 57.Kh3 Re8 58.h8=Q Re1 59.Qf6+ Ke3 60.
Re5+ Kd2 61.Qd6+ 1-0

[Event "32nd WCh U20 Girls"]
[Site "Pune IND"]
[Date "2014.10.15"]
[Round "9.37"]
[White "Samudin, Elina"]
[Black "Gagare, Shalmali"]
[Result "1/2-1/2"]
[WhiteElo "1623"]
[BlackElo "2088"]
[EventDate "2014.10.06"]
[PlyCount "59"]

1.e4 c6 2.d4 d5 3.Nd2 dxe4 4.Nxe4 Bf5 5.Ng3 Bg6 6.N1e2 e6 7.Nf4 Bd6 8.Nxg6
hxg6 9.Ne4 Be7 10.c3 Nh6 11.Be2 Nf5 12.Qb3 Qb6 13.Bf4 Nd7 14.g3 Nf6 15.
Nxf6+ gxf6 16.O-O-O Qxb3 17.axb3 O-O-O 18.b4 Rh7 19.h4 Rdh8 20.Bf3 g5 21.
hxg5 fxg5 22.Bd2 Rxh1 23.Rxh1 Rxh1+ 24.Bxh1 Nd6 25.Kc2 Kd7 26.b3 f5 27.Kd3
a6 28.c4 Nf7 29.Bc3 Kd6 30.c5+ 1/2-1/2

[Event "32nd WCh U20 Girls"]
[Site "Pune IND"]
[Date "2014.10.15"]
[Round "9.38"]
[White "Lalaoui, Feriel"]
[Black "Salonika, Saina"]
[Result "0-1"]
[WhiteElo "1739"]
[BlackElo "1737"]
[EventDate "2014.10.06"]
[PlyCount "54"]

1.e4 c5 2.Nf3 d6 3.d4 cxd4 4.Nxd4 Nf6 5.Nc3 g6 6.Be3 Bg7 7.f3 O-O 8.Qd2 
Nc6 9.Bc4 Bd7 10.O-O-O Rb8 11.Bb3 Na5 12.h4 b5 13.h5 Nc4 14.Bxc4 bxc4 15.
hxg6 fxg6 16.Bh6 Qa5 17.Bxg7 Kxg7 18.Qh6+ Kg8 19.Nd5 Rf7 20.Nxf6+ exf6 21.
Kb1 Rb6 22.Ne2 c3 23.b3 Ra6 24.a4 Bxa4 25.Nxc3 Qxc3 26.Rd3 Qb4 27.Rhd1 Bb5
0-1

[Event "32nd WCh U20 Girls"]
[Site "Pune IND"]
[Date "2014.10.16"]
[Round "10.1"]
[White "Khademalsharieh, Sarasadat"]
[Black "Goryachkina, Alexandra"]
[Result "0-1"]
[WhiteElo "2366"]
[BlackElo "2430"]
[EventDate "2014.10.06"]
[PlyCount "20"]

1.d4 Nf6 2.Nf3 d5 3.c4 e6 4.Bg5 c6 5.e3 Nbd7 6.Bd3 Qa5+ 7.Nbd2 dxc4 8.Bxc4
Ne4 9.Bh4 g5 10.Bg3 g4 0-1

[Event "32nd WCh U20 Girls"]
[Site "Pune IND"]
[Date "2014.10.16"]
[Round "10.2"]
[White "Zhai Mo"]
[Black "Pustovoitova, Daria"]
[Result "1/2-1/2"]
[WhiteElo "2339"]
[BlackElo "2354"]
[EventDate "2014.10.06"]
[PlyCount "114"]

1.d4 Nf6 2.c4 e6 3.Nc3 Bb4 4.Qc2 O-O 5.a3 Bxc3+ 6.Qxc3 d5 7.Nf3 dxc4 8.
Qxc4 b6 9.Bg5 Ba6 10.Qa4 c5 11.Rd1 cxd4 12.Nxd4 Qd7 13.Qxd7 Nbxd7 14.g3 
Bb7 15.f3 Nc5 16.Bh3 Rfd8 17.O-O Na4 18.Bc1 e5 19.Nf5 Kf8 20.Kf2 Bd5 21.
Bd2 a5 22.Be3 Be6 23.Rc1 Nd5 24.g4 Bxf5 25.gxf5 Nxe3 26.Kxe3 Nxb2 27.f6 
gxf6 28.Kf2 b5 29.Rb1 Nc4 30.Rxb5 Nxa3 31.Rc5 Rdb8 32.Bf5 a4 33.Be4 Rc8 
34.Rfc1 Rxc5 35.Rxc5 Rb8 36.Ra5 Rb4 37.Bc6 Nc4 38.Ra8+ Kg7 39.Bxa4 f5 40.
Bc2 f4 41.Bd3 Nb2 42.Bc2 Nc4 43.Bd3 Nb2 44.Bc2 Rc4 45.Bb3 Rc3 46.Rb8 f5 
47.Rb7+ Kf6 48.Rb6+ Kg5 49.Rb5 Kf6 50.Rb6+ Ke7 51.Ke1 e4 52.fxe4 fxe4 53.
Kd2 Nc4+ 54.Kxc3 Nxb6 55.Kd4 f3 56.exf3 exf3 57.Ke3 Kf6 1/2-1/2

[Event "32nd WCh U20 Girls"]
[Site "Pune IND"]
[Date "2014.10.16"]
[Round "10.3"]
[White "Chumpitaz Carbajal, Ann"]
[Black "Iwanow, Anna"]
[Result "1-0"]
[WhiteElo "2201"]
[BlackElo "2279"]
[EventDate "2014.10.06"]
[PlyCount "145"]

1.d4 Nf6 2.c4 c5 3.Nf3 e6 4.g3 cxd4 5.Nxd4 Be7 6.Bg2 Nc6 7.O-O O-O 8.Nc3 
a6 9.Bf4 Re8 10.Rc1 Bf8 11.Nxc6 bxc6 12.Bd6 Bxd6 13.Qxd6 Qe7 14.Rfd1 Qxd6 
15.Rxd6 Rb8 16.b3 Re7 17.c5 Nd5 18.Na4 Kf8 19.e4 Nc7 20.Nb6 Nb5 21.Rd2 e5 
22.b4 Ke8 23.Bf1 Nd4 24.Kg2 Bb7 25.Rc3 Kd8 26.Ra3 Nb5 27.Rad3 Nd4 28.Nc4 
f6 29.f4 Bc8 30.a3 Nb5 31.fxe5 fxe5 32.Be2 g6 33.Bg4 h5 34.Bd1 Kc7 35.Rf2 
Bb7 36.Rf6 Rg8 37.a4 Nd4 38.Bb3 Rgg7 39.Bd1 Re8 40.a5 Nb5 41.Rdf3 Ree7 42.
Rf2 Nc3 43.Bf3 Nb5 44.Kf1 Nd4 45.Bd1 Nb5 46.Ke1 Nc3 47.Bf3 Bc8 48.Kd2 Nb5 
49.Bd1 Nd4 50.Rf8 h4 51.Nd6 Bb7 52.Ne8+ Rxe8 53.Rxe8 hxg3 54.hxg3 d6 55.
Ref8 dxc5 56.R2f7+ Rxf7 57.Rxf7+ Kb8 58.bxc5 Ne6 59.Re7 Bc8 60.g4 Nxc5 61.
Rxe5 Ne6 62.g5 Kc7 63.Bh5 gxh5 64.g6 Kd6 65.Rxh5 c5 66.Ke3 Ng7 67.Rh7 Ne8 
68.Kf4 c4 69.Ke3 Bd7 70.Kd4 Ke6 71.g7 Nf6 72.Rh6 Kf7 73.Rxf6+ 1-0

[Event "32nd WCh U20 Girls"]
[Site "Pune IND"]
[Date "2014.10.16"]
[Round "10.4"]
[White "Arabidze, Meri"]
[Black "Padmini, Rout"]
[Result "1/2-1/2"]
[WhiteElo "2409"]
[BlackElo "2331"]
[EventDate "2014.10.06"]
[PlyCount "110"]

1.d4 e6 2.c4 f5 3.a3 Nf6 4.Nc3 d5 5.Bf4 Bd6 6.Bxd6 Qxd6 7.e3 O-O 8.Rc1 c6 
9.Bd3 Nbd7 10.cxd5 cxd5 11.Nf3 a6 12.O-O b6 13.Ne2 Bb7 14.Nf4 Rfc8 15.Qe2 
b5 16.Ng5 Nf8 17.h4 g6 18.b4 e5 19.dxe5 Qxe5 20.Nf3 Qe7 21.Nd4 Ne4 22.g3 
Nd7 23.Kg2 Ne5 24.h5 g5 25.Nfe6 Rxc1 26.Rxc1 Rc8 27.Nc5 Nxc5 28.bxc5 Rxc5 
29.Rxc5 Qxc5 30.Bxf5 Bc8 31.Bxc8 Qxc8 32.f4 Nc4 33.Qf3 gxf4 34.exf4 Qd7 
35.h6 Kf8 36.f5 Qd6 37.Ne6+ Ke7 38.Kh3 Qe5 39.Qg4 Nd6 40.Qg7+ Qxg7 41.hxg7
Kf7 42.g4 Ne8 43.Kg3 a5 44.Kf4 b4 45.axb4 axb4 46.Nd4 h6 47.g8=Q+ Kxg8 48.
Ke5 Kf7 49.Kxd5 Nf6+ 50.Kc4 Nxg4 51.Kxb4 h5 52.Kc3 h4 53.Nf3 h3 54.Ng5+ 
Kf6 55.Nxh3 Kxf5 1/2-1/2

[Event "32nd WCh U20 Girls"]
[Site "Pune IND"]
[Date "2014.10.16"]
[Round "10.5"]
[White "Nandhidhaa, P. V."]
[Black "Petrukhina, Irina"]
[Result "1/2-1/2"]
[WhiteElo "2144"]
[BlackElo "2218"]
[EventDate "2014.10.06"]
[PlyCount "37"]

1.e4 c5 2.Nf3 d6 3.d4 cxd4 4.Nxd4 Nf6 5.Nc3 a6 6.f3 e6 7.Be3 b5 8.Qd2 b4 
9.Na4 Nbd7 10.c4 bxc3 11.Nxc3 Bb7 12.Be2 Be7 13.O-O O-O 14.Rfd1 Qb8 15.
Rac1 Rc8 16.Bf4 Nh5 17.Be3 Nhf6 18.Bf4 Nh5 19.Be3 1/2-1/2

[Event "32nd WCh U20 Girls"]
[Site "Pune IND"]
[Date "2014.10.16"]
[Round "10.6"]
[White "Gelip, Ioana"]
[Black "Srija, Seshadri"]
[Result "0-1"]
[WhiteElo "2154"]
[BlackElo "2099"]
[EventDate "2014.10.06"]
[PlyCount "100"]

1.e4 e5 2.Nf3 Nc6 3.Nc3 Nf6 4.Bb5 Bb4 5.O-O O-O 6.d3 Bxc3 7.bxc3 d6 8.Re1 
Ne7 9.d4 c6 10.Bf1 Ng6 11.Ba3 Re8 12.g3 d5 13.exd5 e4 14.Ne5 cxd5 15.Nxg6 
hxg6 16.c4 Bg4 17.Qd2 Nh7 18.Qf4 Bf3 19.Rab1 b6 20.Rb5 Nf6 21.cxd5 a6 22.
Rb3 Qxd5 23.c4 Qh5 24.h4 Nh7 25.Bg2 Qa5 26.Reb1 Bxg2 27.Kxg2 Nf6 28.R1b2 
b5 29.cxb5 axb5 30.Bd6 b4 31.Bxb4 Qd5 32.Qg5 Qe6 33.a3 Nd5 34.Bd2 e3 35.
Be1 Qe4+ 36.f3 Qxd4 37.Qg4 Qd1 38.Rb1 Qe2+ 39.Kg1 Rac8 40.R3b2 Rc2 41.Rxc2
Qxc2 42.Rb7 Qe2 43.Rb1 Nf6 44.Qf4 Rc8 45.g4 Nd5 46.Qg3 Kh7 47.Qg2 Qd3 48.
Rb2 Rc1 49.Qf1 Qd4 50.Ra2 e2+ 0-1

[Event "32nd WCh U20 Girls"]
[Site "Pune IND"]
[Date "2014.10.16"]
[Round "10.7"]
[White "Nguyen Thi Mai Hung"]
[Black "Frayna, Janelle Mae"]
[Result "1/2-1/2"]
[WhiteElo "2299"]
[BlackElo "2140"]
[EventDate "2014.10.06"]
[PlyCount "104"]

1.d4 Nf6 2.Nf3 g6 3.g3 Bg7 4.Bg2 O-O 5.O-O d5 6.c4 c6 7.Qb3 Qb6 8.Nc3 Nbd7
9.Rd1 Ne4 10.cxd5 Qxb3 11.axb3 Nxc3 12.bxc3 cxd5 13.Bf4 Nf6 14.c4 h6 15.
Be5 Be6 16.Nd2 Rfd8 17.e3 Ne8 18.Bxg7 Kxg7 19.cxd5 Bxd5 20.e4 Bc6 21.Nc4 
Nd6 22.d5 Bb5 23.Na3 Ba6 24.e5 Nb5 25.f4 Nxa3 26.Rxa3 Rac8 27.b4 Rc2 28.
Raa1 Rb2 29.Rd4 Rc8 30.d6 exd6 31.exd6 Rd8 32.Rc1 Rd7 33.Be4 Rb3 34.Kf2 
Bb5 35.Rc7 b6 36.Bb7 Rb2+ 37.Kf3 Kf6 38.Rd5 Rb3+ 39.Kf2 Rb2+ 40.Ke3 Rb3+ 
41.Kd2 Ba4 42.Bc8 Rd8 43.Rd4 Rb2+ 44.Kc1 Rxh2 45.d7 Bb3 46.Rxa7 Be6 47.Rb7
Ke7 48.b5 h5 49.Re4 Kf8 50.Rd4 Ke7 51.Re4 Kf8 52.Rd4 Ke7 1/2-1/2

[Event "32nd WCh U20 Girls"]
[Site "Pune IND"]
[Date "2014.10.16"]
[Round "10.8"]
[White "Ibrahimova, Sabina"]
[Black "Varshini, Velavan"]
[Result "1-0"]
[WhiteElo "2271"]
[BlackElo "2040"]
[EventDate "2014.10.06"]
[PlyCount "141"]

1.e4 c5 2.Nf3 d6 3.d4 cxd4 4.Nxd4 Nf6 5.Nc3 a6 6.h3 e6 7.g4 b5 8.Bg2 Bb7 
9.O-O Nfd7 10.a4 bxa4 11.Rxa4 Nb6 12.Ra1 Be7 13.Qe2 O-O 14.Nb3 Nc6 15.Be3 
Qc7 16.f4 Rfe8 17.g5 Bf8 18.h4 Rad8 19.Rad1 Nb4 20.Na5 Ba8 21.Qf2 Nc8 22.
Nb3 d5 23.e5 Nc6 24.Ne2 Qb8 25.Ned4 Nxd4 26.Nxd4 g6 27.b3 Ne7 28.h5 Nc6 
29.Nxc6 Bxc6 30.Bd4 Rc8 31.Rfe1 Rc7 32.Re3 Qc8 33.c3 Bb5 34.b4 Bc4 35.Ra1 
Qd7 36.Qh4 Rb7 37.Rh3 Ra8 38.Re1 Re8 39.Rhe3 Bg7 40.f5 gxf5 41.Rg3 Qd8 42.
Bh3 Bb5 43.Qf4 Ree7 44.Kh1 a5 45.bxa5 Qxa5 46.Reg1 Be8 47.R3g2 Qa6 48.Qe3 
Rec7 49.Rf2 Rc8 50.h6 Bf8 51.Rd2 Rcb8 52.Qf2 Rb1 53.Rxb1 Rxb1+ 54.Kh2 Qc4 
55.Ra2 Qb3 56.Qc2 Qxc2+ 57.Rxc2 Be7 58.Ra2 Bxg5 59.Rg2 f6 60.exf6 Bg6 61.
Rxg5 Kf7 62.Rg2 f4 63.Ra2 Be4 64.Bg2 Kg6 65.Rf2 Re1 66.Rxf4 Bxg2 67.Rg4+ 
Kxh6 68.Rxg2 e5 69.f7 Rf1 70.Be3+ Kh5 71.Bf2 1-0